| 000 | 00749nam a2200217Ia 4500 | ||
|---|---|---|---|
| 001 | 1331 | ||
| 003 | GE_BSU | ||
| 008 | 181216s||||||||xx |||||||||||||| ||und|| | ||
| 040 | _cGE_BSU | ||
| 080 | _a821.111 | ||
| 100 | _aქეფოთი, თრუმენ | ||
| 245 | _aსაუზმე ტიფანებთან | ||
| 245 | _cმთ.ბერიძე ხათუნა | ||
| 260 | _aბათუმი | ||
| 260 | _bშოთა რუსთაველის სახელმწიფო უნივერსიტეტი | ||
| 260 | _c2008 | ||
| 300 | _a156 გვ. 20სმ. | ||
| 541 | _h7 ლ. | ||
| 653 | _aინგლისური ლიტერატურა (ქართულ ენაზე) | ||
| 942 | _cBK | ||
| 999 |
_c35472 _d35472 |
||